| 000 | 00799cam a2200253 a 4500 | ||
|---|---|---|---|
| 001 | 17950105 | ||
| 005 | 20150504123621.0 | ||
| 008 | 131121s2014 enk frd f001 0 eng d | ||
| 020 | _a9780199646241 | ||
| 040 |
_aYDXCP _beng _cYDXCP _dBDX _dBTCTA _dUKMGB _dCDX _dIXA _dVP@ _dCHVBK _dBUF _dNLGGC _dOCLCF _dDLC _dEG-ScBUE |
||
| 082 | 0 | 4 |
_a070.403 _bHAR _222 |
| 100 | 1 |
_aHarcup, Tony. _937820 |
|
| 245 | 1 | 2 |
_aA dictionary of journalism / _cTony Harcup. |
| 250 | _a1st ed. | ||
| 260 |
_aOxford : _bOxford University Press, _c2014. |
||
| 300 |
_a355 p. ; _c20 cm. |
||
| 490 | 0 | _aOxford Paperback Reference | |
| 500 | _aIndex : p. 352-355. | ||
| 650 | 7 |
_aJournalism _vDictionaries. _2BUEsh _937821 |
|
| 651 | _2BUEsh | ||
| 653 |
_bCOMSCI _cMay2015 |
||
| 655 |
_vreading book _934232 |
||
| 942 |
_2ddc _k070.403 HAR |
||
| 999 |
_c19253 _d19225 |
||